| 000 | 00505nam a22001577a 4500 | ||
|---|---|---|---|
| 008 | 160927b xxu||||| |||| 00| 0 eng d | ||
| 020 | _a9715504345 | ||
| 082 |
_22002 _aDFil 809.9355 _bC65 |
||
| 100 |
_915344 _aLee-Chua, Queena N. _eEditor |
||
| 245 |
_aCogito ergo sum and other musings on science/ _cQueena N. Lee-Chua, Editor |
||
| 260 |
_aQuezon City: _bADMU Press, _cc2002. |
||
| 300 |
_aix, 203 pages: _c21 cm. |
||
| 650 | 0 |
_915345 _aLiterature and science |
|
| 365 |
_b348.00 _cPhp. |
||
| 942 |
_2ddc _cDFIL |
||
| 999 |
_c4868 _d4868 |
||